Number Pi Quizz - Statistics

General Stats
  • This quiz has been taken 39 times
  • The average score is 29 of 68
Answer Stats
Answer % Correct
141
100%
592
93%
592
93%
653
85%
589
81%
383
70%
793
70%
238
67%
279
67%
462
67%
643
67%
197
63%
502
63%
884
63%
169
59%
974
59%
105
56%
105
56%
375
56%
399
56%
820
56%
286
52%
944
52%
208
48%
307
48%
406
48%
816
48%
998
48%
117
44%
117
44%
067
41%
342
41%
628
41%
825
41%
034
37%
982
37%
086
30%
128
30%
148
30%
282
30%
513
30%
521
30%
093
26%
102
26%
231
26%
284
26%
582
26%
644
26%
647
26%
306
22%
359
22%
408
22%
450
22%
481
22%
550
22%
559
22%
609
22%
622
22%
701
22%
725
22%
844
22%
938
22%
954
22%
964
22%
381
19%
428
19%
930
19%
948
19%
No matching quizzes found
Score Distribution
Percent of People with Each Score
Percentile by Number Answered
Your Score History
You have not taken this quiz